000 00298nam a22001337a 4500
008 170615b xxu||||| |||| 00| 0 eng d
020 _a9781111833152
041 _aeng
080 _24TH
_a327
100 _a19
101 _aSHP
245 _aINTERNATIONAL RELATIONS
_cSHIMKO,K.L
942 _2udc
_cBK
999 _c17633
_d17633